00583nam a2200205 i 4500001000300000100003100003245005100034260003200085300003600117490002500153504002400178650003200202650001700234830002500251020001500276040000800291041000800299080002900307008004100336bg1 aHUGHES, Geoffreyd(1939- )10aA history of English words /cGeoffrey Hughes. aOxford :bBlackwell,c2002. aXVIII, 430 s. :bmapy ;c21 cm.1 aThe Language Library aBibliogr. - Indeks. 9aJęzyk angielskixhistoria 9aLeksykologia aThe Language Library a063118855X cBPK0 aeng a811.111(091):811.111'373 s pl f |000 0 pol